000 00273nam a2200121Ia 4500
008 240624s9999 xx 000 0 und d
041 _aeng
082 _a658 SAH
100 _aSAHAY VINITA
245 _aINDIAN MANAGEMENT CASES
260 _c2016
300 _a351 p.; 23 cm.
999 _c31310
_d31310